00533pab a2200157 454500008004000000100002000040245007900060260000900139300001200148362001400160650003600174773003400210909000900244999001500253952010700268180718b1991 xxu||||| |||| 00| 0 eng d aSandesara, J.C. aNew industrial policybQuestions of efficient growth and social objectives c1991 a1869-72 a3-10 Aug. aGovernment and Business - India aEconomic and Political Weekly a9492 c9492d9492 00104070aIIPAbIIPAd2018-07-19hVolume no: 26, Issue no: 31-32pAR9507r2018-07-19w2018-07-19yAR